=LDR 00000nam 2200000 4500 =001 INLIS000000000024881 =005 20130612123433 =008 ***********************************Ind** =035 ##$$0010-061300000024881 =041 ##$$a Ind =082 ##$$a 351.003 09 =090 ##$$a 351.003 09, Kem k =100 ##$$a Rasyidin, Adi Sastra =245 ##$$a Kemahiran politik sang kiai, catatan 100 hari presiden Gus Dur setelah 25 kepala negara dan menghadiri 5 event internasional, Dr. Adi Sastra Rasyidi, SE, MM, MBA =260 ##$$a 2000 $b Jakarta =300 ##$$a 13 hlm, ilus, 21 cm =650 ##$$a Presiden-Indonesia-Penggantian Gus Duir, 1999-2000 =850 ##$$a NBPNMAT